[Event "TUR Cup"]
[Site "Denizli"]
[Date "2023.07.18"]
[Round "4"]
[White "Hamurcu, Mehmet"]
[Black "Sarac, Mehmet Ali"]
[Result "1-0"]
[WhiteElo "1720"]
[BlackElo "1706"]
[PlyCount "67"]
[EventDate "2023.07.16"]
[EventType "team-tourn"]
[EventRounds "9"]
[EventCountry "TUR"]
[SourceTitle "CBM 215 Extra"]
[Source "ChessBase"]
[SourceDate "2023.09.30"]
[SourceVersion "1"]
[SourceVersionDate "2023.09.30"]
[SourceQuality "1"]

1. e4 c6 2. d4 d5 3. f3 e6 4. Nc3 Nf6 5. Be3 Bb4 6. Bd3 dxe4 7. fxe4 Nxe4 8. Bxe4 Bxc3+ 9. Ke2 Ba5 10. Nf3 Nd7 11. Rf1 Qb6 12. Bd3 Qc7 13. c3 h6 14. Qd2 e5 15. Rae1 e4 16. Bf4 Qd8 17. Bxe4 Nf6 18. Kd1 Nxe4 19. Rxe4+ Be6 20. Rfe1 0-0 21. Bxh6 gxh6 22. Qxh6 Bf5 23. Rh4 Qxh4 24. Nxh4 Bg4+ 25. Kc1 Bd8 26. Ng6 fxg6 27. Qxg6+ Kh8 28. Qxg4 Bf6 29. Re3 Bg7 30. Rh3+ Kg8 31. Qe6+ Rf7 32. Rf3 Raf8 33. h4 Bh6+ 34. Qxh6 1-0

[Event "TUR Cup"]
[Site "Antalya"]
[Date "2020.01.26"]
[Round "1"]
[White "Uzunoglu, Yusuf"]
[Black "Sarac, Mehmet Ali"]
[Result "1/2-1/2"]
[WhiteElo "1270"]
[BlackElo "1804"]
[PlyCount "141"]
[EventDate "2020.01.26"]
[EventType "swiss"]
[EventRounds "11"]
[EventCountry "TUR"]
[SourceTitle "CBM 194 Extra"]
[Source "ChessBase"]
[SourceDate "2020.03.31"]
[SourceVersion "1"]
[SourceVersionDate "2020.03.31"]
[SourceQuality "1"]

1. g3 Nf6 2. Bg2 d5 3. d3 Bf5 4. Nf3 e6 5. 0-0 c6 6. Nbd2 Bd6 7. Nh4 Bg6 8. e4 Bh5 9. Qe1 Nbd7 10. f4 Bc5+ 11. Kh1 0-0 12. h3 h6 13. g4 Bg6 14. e5 Nh7 15. Bf3 Be7 16. Ng2 Nc5 17. Be2 f6 18. f5 Bf7 19. d4 Nd7 20. Nf3 fxe5 21. dxe5 Bg5 22. Nxg5 Nxg5 23. Bxg5 Qxg5 24. Bd3 Rae8 25. Nf4 Nc5 26. Qf2 Nxd3 27. Nxd3 exf5 28. Qxf5 Qh4 29. Kh2 g6 30. Qf6 Qxf6 31. Rxf6 Kg7 32. Raf1 b6 33. b4 Re6 34. h4 Rxf6 35. Rxf6 Be8 36. Rxf8 Kxf8 37. Kg3 Kg7 38. Kf4 Bd7 39. Nc1 c5 40. bxc5 bxc5 41. Nd3 c4 42. Ne1 Ba4 43. Ke3 Kf7 44. Kd4 Ke6 45. c3 g5 46. hxg5 hxg5 47. Nf3 Bc6 48. Nxg5+ Ke7 49. Kc5 Bb7 50. Nf3 Ke6 51. g5 Bc8 52. g6 Ke7 53. Kxd5 Bb7+ 54. Kxc4 Bxf3 55. Kc5 Be4 56. g7 Kf7 57. Kd6 Kxg7 58. Ke7 Kg6 59. c4 Kf5 60. Kd6 Bd3 61. c5 Bc4 62. c6 Bxa2 63. c7 Be6 64. Kc5 Kxe5 65. Kb4 Kd6 66. Ka3 Kxc7 67. Kb2 Kb6 68. Ka1 Ka5 69. Kb2 Kb4 70. Ka1 Kc3 71. Kb1 1/2-1/2

[Event "TUR-chT 2nd League"]
[Site "Konya"]
[Date "2018.07.22"]
[Round "9.17"]
[White "Sarac, Mehmet Ali"]
[Black "Kulakli, Ahmet"]
[Result "1-0"]
[WhiteElo "1802"]
[BlackElo "1637"]
[PlyCount "67"]
[EventDate "2018.07.16"]
[EventType "team-swiss"]
[EventRounds "9"]
[EventCountry "TUR"]
[SourceTitle "EXT 2019"]
[Source "ChessBase"]
[SourceDate "2018.10.10"]
[SourceVersion "1"]
[SourceVersionDate "2018.10.10"]
[SourceQuality "1"]
[WhiteTeam "Serenler Egitim"]
[BlackTeam "Mersin Zeka"]
[WhiteTeamCountry "TUR"]
[BlackTeamCountry "TUR"]

1. d4 Nf6 2. Bf4 g6 3. Nc3 Bg7 4. e4 d6 5. Qd2 0-0 6. 0-0-0 c6 7. f3 Qa5 8. Bc4 Nbd7 9. g4 b5 10. Bb3 c5 11. dxc5 Nxc5 12. Kb1 Nxb3 13. cxb3 Bb7 14. Bh6 Bxh6 15. Qxh6 b4 16. Nd5 Nxd5 17. exd5 Bxd5 18. h4 f5 19. h5 Bf7 20. Nh3 Qe5 21. hxg6 Bxg6 22. Ng5 fxg4+ 23. Ka1 Qf4 24. fxg4 a5 25. Qh4 Qf6 26. Qh6 Qf4 27. Qh4 Qf2 28. Qh3 Qc2 29. Qe3 Rf2 30. Qd4 e5 31. Qd5+ Kg7 32. Ne6+ Kf6 33. g5+ Kf5 34. Nd4+ 1-0